02436nam a22003614c 4500001000700000003000700007005001700014008004100031015001000072017004800082020001800130040002900148080002000177100001900197245008500216250003000301264004900331300002700380336002200407337003000429338002400459490002800483500014200511504004100653520103700694650005901731655002601790655001601816655001701832830002801849852009101877852010601968194591SpMaBN20250824094049.0230307s2023 sp | |||| 000 0 spa  aMON23 aM 841-2023bOficina Depósito Legal Madrid a9788419370440 aSpMaBNbspacSpMaBNerda a821.134.2(6).091 aNistal, Gloria10aEstudios sobre literatura africana y afroamericana en español /cGloria Nistal a[Primera edición, 2023] 1aMadrid (España) :bSial Ediciones,c[2023] a387 páginas ;c21 cm aTexto2rdacontent asin mediación2rdamedia avolumen2rdacarrier1 aCasa de África ;v113 aReúne artículos que han sido presentados en distintos congresos y muchos publicados en revistas especializadas en literatura africana aIncluye referencias bibliográficas aEste libro reúne artículos que han sido presentados en distintos congresos y muchos de ellos se han publicado con posterioridad en revistas especializadas en literatura africana como Oráfrica; Iberorromania; Afroeuropa; Hispanitas; Kalejdoskop Afrykanski; Candil o BradAmante. Un pequeño grupo de artículos han sido estudios incluidos en algunos libros de las editoriales Sial Pigmalión, Diwan o Punto rojo. En su mayoría los artículos tratan de la literatura de autores guineoecuatorianos, como María Nsué; Donato Ndongo; Justo Bolekia; Ciriako Bokesa; Leoncio Evita; José Fernando Siale; Maximiliano Nkogo y otros autores y autoras relevantes de Guinea Ecuatorial, pero se encuentran también textos dedicados a autores nacidos en Marruecos (León Cohén Mesonero), poetas colombianas afrodescendientes (María Teresa Ramírez Nieva; Mary Grueso Romero y Elcina Valencia Córdoba) o un estudio sobre la influencia en la literatura y el arte del mito de la reina Dido, reina de Cartago. Gloria Nistal 0aLiteratura africana (Español)-xHistoria y crítica 0aCríticas literarias 4aArtículos 0aAntologías 0aCasa de África ;v113 aES-MaACLcDEPOJjN-8875xEncuadernación rústica con solapashDonación: Editorial aES-MaACLbR.154656cDEPOJjN-9428xEncuadernación rústica con solapashDonación: Gloria Nistal